NAVTEX manual (Record no. 12800)

000 -LEADER
fixed length control field 00533nam a22001817a 4500
008 - FIXED-LENGTH DATA ELEMENTS--GENERAL INFORMATION
fixed length control field 250609b 2023 ||||| |||| 00| 0 eng d
020 ## - INTERNATIONAL STANDARD BOOK NUMBER
International Standard Book Number 9789280117509
082 ## - DEWEY DECIMAL CLASSIFICATION NUMBER
Classification number 623.8
Item number IMO
110 ## - MAIN ENTRY--CORPORATE NAME
Corporate name or jurisdiction name as entry element IMO - International Maritime Organization
245 ## - TITLE STATEMENT
Title NAVTEX manual
250 ## - EDITION STATEMENT
Edition statement 7th
260 ## - PUBLICATION, DISTRIBUTION, ETC. (IMPRINT)
Place of publication, distribution, etc London
Name of publisher, distributor, etc IMO - International Maritime Organization
Date of publication, distribution, etc 2023
300 ## - PHYSICAL DESCRIPTION
Extent iii, 50p.
650 ## - SUBJECT ADDED ENTRY--TOPICAL TERM
Topical term or geographic name as entry element NAVTEX message technical characters
650 ## - SUBJECT ADDED ENTRY--TOPICAL TERM
Topical term or geographic name as entry element Language and national broadcast options
650 ## - SUBJECT ADDED ENTRY--TOPICAL TERM
Topical term or geographic name as entry element Message content
942 ## - ADDED ENTRY ELEMENTS (KOHA)
Item type Books
Holdings
Withdrawn status Lost status Source of classification or shelving scheme Damaged status Not for loan Collection code Permanent location Current location Shelving location Date acquired Full call number Barcode Date last seen Koha item type Public note
          Reference IMU-MPC Library IMU-MPC Library IMO Shelf 2025-06-09 623.8 IMO MPC6975 2025-06-09 Books IMO SHELF
Copyright © 2021 Indian Maritime University, Mumbai Port Campus. All Rights Reserved. Managed & Maintained by Central Library, IMU-Mumbai

webs counters

Powered by Koha